LEADER 01391nam a2200325 a 4500 001 000000126434 003 CaOOAMICUS 005 20111004144445.0 008 111004s2006 it ab u000 u ita r 020 $a88-430-3898-2 040 $aPUL$bita 041 1 $aita$heng 082 04$a035 100 1 $aMcGovern, Patrick E.$0(OLS)http://pul/name/80510 240 10$aAncient wine.$lItaliano.$0(OLS)http://pul/title/159691 245 12$aL'archeologo e l'uva :$bVite e vino dal Neolitico alla Grecia arcaica /$cPatrick E. McGovern. 260 $aRoma :$bCarocci,$cİ2006. 300 $a334 p. :$bill., c. geogr. ;$c22 cm. 490 1 $aQuality paperbacks ;$v191 504 $aComprende riferimenti bibliografici e indice. 650 4$aGrecia antica$xCultura.$0(OLS)http://pul/subject/34952 830 0$aQuality paperbacks (Carocci) ;$v191.$0(OLS)http://pul/title/103487 850 $aPUL 852 $aPUL$W1$xDP2 Cons. Gen., Altre Classi 3$y97$m035 COLL 1.191$j146217$qDDC 21$B144895$CPULBib$Z2$F144895 $H116405 $82 941 1 $a9 996 $6020$a88-430-3898-2$9(OLS)http://pul/number/148070 996 $6082$a035$9(OLS)http://pul/classification/471 996 $6245$aL'archeologo e l'uva :$bVite e vino dal Neolitico alla Grecia arcaica$9(OLS)http://pul/title/159690 996 $6260$aRoma :$bCarocci$9(OLS)http://pul/publisher/66917 LEADER 01439nam a2200325 a 4500 001 000000129681 003 CaOOAMICUS 005 20120717105907.0 008 120717s2011 it a u000 u ita r 020 $z978-88-7642421-2* 040 $aPUL$bita 041 0 $aita$alat 082 04$a195 100 1 $aCampanella, Tommaso,$d1568-1639.$0(OLS)http://pul/name/5680 245 10$aEthica quaestiones super ethicam /$cTommaso Campanella ; a cura di Germana Ernst ; in collaborazione con Olivia Catanorchi. 260 $aPisa :$bScuola Normale Superiore,$cİ2011. 300 $aLXVII, 373 p. :$bill. ;$c23 cm 500 $aSul front.: Istituto italiano per gli studi filosofici, Scuola Normale Superiore. 546 $aIntroduzione in italiano, testo latino. 700 1 $aErnst, Germana.$0(OLS)http://pul/name/35039 700 1 $aCatanorchi, Olivia.$0(OLS)http://pul/name/63966 710 2 $aScuola normale superiore (Pisa).$0(OLS)http://pul/name/60643 850 $aPUL 852 $aPUL$W1$xSL Filosofia 3$y81$m195 CAMTO 1$j150161$qDDC 21$B148699$CPULBib$Z2$F148699 $H120460 $82 941 1 $a9 996 $6020$z978-88-7642421-2*$9(OLS)http://pul/number/150306 996 $6082$a195$9(OLS)http://pul/classification/342 996 $6245$aEthica quaestiones super ethicam$9(OLS)http://pul/title/163923 996 $6260$aPisa :$bScuola Normale Superiore$9(OLS)http://pul/publisher/79164